Emmerdale Characters - Statistics

General Stats
  • This quiz has been taken 529 times
  • The average score is 49 of 81
Answer Stats
Hint Answer % Correct
Dingle Cain
87%
Dingle Chas
83%
Barton Adam
82%
Dingle Moira
82%
Dingle Charity
81%
Barton Ross
81%
Pollard Eric
79%
Dingle Lisa
79%
Kirk Paddy
79%
Dingle Zak
78%
Hope Bob
76%
Dingle Sam
76%
Dingle Belle
75%
Barton Pete
75%
Metcalfe David
74%
Thomas Laurel
74%
Goskirk Rhona
74%
Sugden Robert
74%
Dingle Marlon
73%
Barton Victoria
73%
Barton Emma
72%
Thomas Gabby
72%
Sugden Jack
72%
King Jimmy
72%
Sugden Sarah
72%
Dingle Debbie
71%
Barton Finn
71%
King Nicola
71%
Sharma Jai
70%
Sugden Diane
69%
Thomas Ashley
68%
Spencer Dan
67%
Woodfield Vanessa
67%
Sugden Andy
66%
Thomas Arthur
66%
Gallagher Jacob
66%
Goskirk Leo
66%
Blackstock Rodney
66%
Dingle Aaron
65%
Kotecha Priya
65%
White Bernice
64%
Wyatt Kerry
64%
Dingle Noah
63%
Walker Brenda
61%
Windsor April
60%
Hope Cathy
60%
Ladderbanks Pearl
60%
Sharma Rishi
60%
Hope Heath
59%
Spencer Amelia
58%
Holliday Carl
58%
White Chrissie
58%
Harding Leyla
58%
White Lachlan
57%
Pollard Val
57%
Finch Harriet
56%
Macey Megan
55%
Metcalfe Tracy
55%
King Angelica
54%
Potts Doug
54%
Thomas Sandy
54%
White Lawrence
53%
Woodfield Johnny
50%
Thomas Dotty
49%
Dingle Moses
49%
Metcalfe Amba
45%
Clayton Frank
45%
Winchester Kyle
45%
Cavanagh Liam
45%
Sugden Katie
41%
Hope Carly
39%
Kotecha Rakesh
37%
Harris Pierce
32%
Sharma Eliza
31%
Windsor Elliot
27%
Hale Ronnie
25%
Bailey Jermaine
24%
Dingle Joanie
24%
Swirling Mike
22%
Lakely Lizzie
21%
Sabet Kasim
10%
No matching quizzes found
Score Distribution
Percent of People with Each Score
Percentile by Number Answered
Your Score History
You have not taken this quiz